Sports Quiz

Random Sports or Soccer Quiz

What's My Country - Soccer Players Quiz Stats

 Plays Quiz Updated Aug 28, 2018

Score 0/16 Timer 04:00
50 Plays Today
% Correct
Cristiano Ronaldo
Portugal
95.6%
Wayne Rooney
England
95.5%
Lionel Messi
Argentina
95.2%
Neymar
Brazil
94.2%
Gareth Bale
Wales
93.6%
Luis Suárez
Uruguay
92.4%
Xavi
Spain
91.8%
Zlatan Ibrahimović
Sweden
91.3%
% Correct
Robert Lewandowski
Poland
90%
Bastian Schweinsteiger
Germany
89.7%
Fabio Cannavaro
Italy
89.7%
Franck Ribéry
France
88.3%
Didier Drogba
Côte d'Ivoire
87.5%
Dimitar Berbatov
Bulgaria
86.6%
Samuel Eto’o
Cameroon
86.6%
David Alaba
Austria
82.2%

You're not logged in!

Compare scores with friends on all Sporcle quizzes.
OR
Log In

You Might Also Like...

Show Comments

Extras

Top Quizzes Today


Score Distribution

Your Account Isn't Verified!

In order to create a playlist on Sporcle, you need to verify the email address you used during registration. Go to your Sporcle Settings to finish the process.

Report this User

Report this user for behavior that violates our Community Guidelines.

Details: